Statistics for Minecraft IDs (1-100)

Click here to take the quiz!

General Stats

  • This quiz has been taken 6 times
  • The average score is 5 of 190

Answer Stats

IDBlock/Item% Correct
0Air
100%
1Stone
67%
1:5Andesite
33%
3:1Coarse Dirt
33%
4Cobblestone
33%
1:3Diorite
33%
3Dirt
33%
1:1Granite
33%
2Grass
33%
3:2Podzol
33%
1:6Polished Andesite
33%
1:4Polished Diorite
33%
1:2Polished Granite
33%
6:4Acacia Sapling
0%
5:4Acacia Wood Plank
0%
38:2Allium
0%
38:3Azure Bluet
0%
26Bed
0%
7Bedrock
0%
18:2Birch Leaves
0%
6:2Birch Sapling
0%
17:2Birch Wood
0%
5:2Birch Wood Plank
0%
95:15Black Stained Glass
0%
35:15Black Wool
0%
38:1Blue Orchid
0%
95:11Blue Stained Glass
0%
35:11Blue Wool
0%
47Bookshelf
0%
45Bricks
0%
44:4Brick Slab
0%
39Brown Mushroom
0%
99Brown Mushroom Block
0%
95:12Brown Stained Glass
0%
35:12Brown Wool
0%
62Burning Furnace
0%
81Cactus
0%
92Cake block
0%
54Chest
0%
24:1Chiseled Sandstone
0%
97:5Chiseled Stone Brick Monster Egg
0%
98:3Chiseled Stone Bricks
0%
82Clay
0%
16Coal Ore
0%
97:1Cobblestone Monster Egg
0%
44:3Cobblestone Slab
0%
67Cobblestone Stairs
0%
30Cobweb
0%
97:4Cracked Stone Brick Monster Egg
0%
98:2Cracked Stone Bricks
0%
58Crafting Table
0%
95:9Cyan Stained Glass
0%
35:9Cyan Wool
0%
37Dandelion
0%
6:5Dark Oak Sapling
0%
5:5Dark Oak Wood Plank
0%
32Dead Bush
0%
31Dead Shrub
0%
28Detector Rail
0%
75Diamond Block
0%
56Diamond Ore
0%
23Dispenser
0%
43:4Double Brick Slab
0%
43:3Double Cobblestone Slab
0%
43:6Double Nether Brick Slab
0%
43:7Double Quartz Slab
0%
43:1Double Sandstone Slab
0%
43:5Double Stone Brick Slab
0%
43Double Stone Slab
0%
43:2Double Wooden Slab
0%
60Farmland
0%
31:2Fern
0%
51Fire
0%
10Flowing Lava
0%
8Flowing Water
0%
61Furnace
0%
20Glass
0%
74Glowing Redstone Ore
0%
89Glowstone
0%
41Gold Block
0%
14Gold Ore
0%
31:1Grass
0%
13Gravel
0%
95:7Gray Stained Glass
0%
35:7Gray Wool
0%
95:13Green Stained Glass
0%
35:13Green Wool
0%
79Ice
0%
42Iron Block
0%
71Iron Door Block
0%
15Iron Ore
0%
91Jack o'Lantern
0%
84Jukebox
0%
18:3Jungle Leaves
0%
6:3Jungle Sapling
0%
17:3Jungle Wood
0%
5:3Jungle Wood Plank
0%
65Ladder
0%
22Lapis Lazuli Block
0%
21Lapis Lazuli Ore
0%
69Lever
0%
95:3Light Blue Stained Glass
0%
35:3Light Blue Wool
0%
95:8Light Gray Stained Glass
0%
35:8Light Gray Wool
0%
95:5Lime Stained Glass
0%
35:5Lime Wool
0%
95:2Magenta Stained Glass
0%
35:2Magenta Wool
0%
52Monster Spawner
0%
48Moss Stone
0%
97:3Mossy Stone Brick Monster Egg
0%
98:1Mossy Stone Bricks
0%
44:6Nether Brick Slab
0%
90Nether Portal
0%
87Netherrack
0%
25Note Block
0%
64Oak Door Block
0%
85Oak Fence
0%
18Oak Leaves
0%
6Oak Sapling
0%
17Oak Wood
0%
5Oak Wood Plank
0%
53Oak Wood Stairs
0%
49Obsidian
0%
95:1Orange Stained Glass
0%
38:5Orange Tulip
0%
35:1Orange Wool
0%
38:8Oxeye Daisy
0%
95:6Pink Stained Glass
0%
38:7Pink Tulip
0%
35:6Pink Wool
0%
33Piston
0%
34Piston Head
0%
38Poppy
0%
27Powered Rail
0%
86Pumpkin
0%
95:10Purple Stained Glass
0%
35:10Purple Wool
0%
44:7Quartz Slab
0%
66Rail
0%
100Red Muschroom Block
0%
40Red Mushroom
0%
12:1Red Sand
0%
95:14Red Stained Glass
0%
73Redstone Ore
0%
93Redstone Repeater Block (off)
0%
94Redstone Repeater Block (on)
0%
75Redstone Torch (off)
0%
76Redstone Torch (on)
0%
55Redstone Wire
0%
38:4Red Tulip
0%
35:14Red Wool
0%
12Sand
0%
24Sandstone
0%
44:1Sandstone Slab
0%
24:2Smooth Sandstone
0%
78Snow
0%
80Snow Block
0%
88Soul Sand
0%
19Sponge
0%
18:1Spruce Leaves
0%
6:1Spruce Sapling
0%
17:1Spruce Wood
0%
5:1Spruce Wood Plank
0%
63Standing Sign Block
0%
29Sticky Piston
0%
11Still Lava
0%
9Still Water
0%
97:2Stone Brick Monster Egg
0%
98Stone Bricks
0%
44:5Stone Brick Slab
0%
77Stone Button
0%
97Stone Monster Egg
0%
70Stone Pressure Plate
0%
44Stone Slab
0%
83Sugar Canes
0%
46TNT
0%
50Torch
0%
68Wall-mounted Sign Block
0%
19:1Wet Sponge
0%
59Wheat Crops
0%
95White Stained Glass
0%
38:6White Tulip
0%
35White Wool
0%
72Wooden Pressure Plate
0%
44:2Wooden Slab
0%
96Wooden Trapdoor
0%
95:4Yellow Stained Glass
0%
35:4Yellow Wool
0%

Score Distribution

Percentile by Number Answered

Percent of People with Each Score

Your Score History

You have not taken this quiz